=LDR 00000nam 2200000 4500 =001 INLIS000000000006291 =005 20251106110850 =035 ##$$a 0010-1125000165 =007 ta =008 251106###########################0#ind## =082 ##$$a 363.96 =084 ##$$a 363.96 BAD c =100 #$$a Badan Koordinasi Keluarga Berencana Nasional =245 1#$$a Contraceptive Use In The 1974-75 Indonesian National Family Planning Program /$c Badan Koordinasi Keluarga Berencana Nasional =260 ##$:$b Badan Koordinasi Keluarga Berencana Nasional =300 ##$$a 43 Hal : $b Ilus ; $c 21 =650 #4$$a Keluarga Berencana =856 ##$$a Perpustakaan Kemendukbangga